Sports Quiz

Random Sports Quiz

Toronto Maple Leafs Goalies of the 1980's & 1990's Quiz Stats

 Plays Quiz not verified by Sporcle

Challenge
Share
Tweet
Embed
Score 0/25 Timer 10:00
0 Plays Today
Initials /Leafs Debut Yr Goalie Name % Correct
C.J 1998Curtis Joseph
96.2%
F.P 1991Felix Potvin
94.3%
G.F 1991Grant Fuhr
88.7%
M.P Pre 1980Mike Palmateer
84.9%
P.I. 1989Peter Ing
81.1%
K.W 1983Ken Wregget
77.4%
A.B 1983Allan Bester
75.5%
G.H 1997Glenn Healy
73.6%
D.R 1990Damian Rhodes
69.8%
D.B 1995Don Beaupre
64.2%
J.R 1987Jeff Reese
62.3%
R.W 1991Rick Wamsley
62.3%
D.E 1985 Don Edwards
60.4%
Initials /Leafs Debut Yr Goalie Name % Correct
D.P 1992Daren Puppa
54.7%
M.L 1980Michel Larocque
52.8%
M.C 1996Marcel Cousineau
52.8%
J.C Pre 1980Jiri Crha
50.9%
V.T Pre 1980Vincent Tremblay
47.2%
B.P 1981Bob Parent
45.3%
T.B 1984Tim Bernhardt
37.7%
M.L 1989Mark LaForest
35.8%
J.R 1980Jim Rutherford
34%
R.S 1982Rick St. Croix
30.2%
C.R Pre 1980Curt Ridley
26.4%
B.D 1983 Bruce Dowie
20.8%

You're not logged in!

Compare scores with friends on all Sporcle quizzes.
Join for Free
OR
Log In

You Might Also Like...

Show Comments

Extras

Created Mar 26, 2016ReportNominate
Tags:1980, 1990, debut, goal, goalie, initial, leaf, maple, toronto

Top Quizzes Today


Score Distribution

Your Account Isn't Verified!

In order to create a playlist on Sporcle, you need to verify the email address you used during registration. Go to your Sporcle Settings to finish the process.

Report this User

Report this user for behavior that violates our Community Guidelines.

Details: